000 00443nam a22001697a 4500
003 OSt
005 20251215103059.0
008 251215b |||||||| |||| 00| 0 eng d
020 _a9781785306600
040 _aKMU
_beng
_cKMU
_dKMU
_erda
050 _aPS3569.P67 B66 2024
100 _aSpoto, Angie
245 _aThe Bone Diver
_cAngie Spoto
260 _aLondon:
_bBlack and White,
_c2024.
300 _axi, 235 pages;
_c24cm
942 _2lcc
_cFM
_n0
999 _c2434
_d2434